| 000 | 00815naa a2200217 i 4500 | ||
|---|---|---|---|
| 001 | 67990 | ||
| 003 | ES-MaBCM | ||
| 005 | 20241016115510.0 | ||
| 008 | 000621s2000 esp 000 0 spa d | ||
| 021 | _axx | ||
| 035 | _a(OCoLC)1365237849 | ||
| 040 | _cES-MaBCM | ||
| 041 | 0 | _aspa | |
| 043 | _aesp | ||
| 245 | 0 | 0 | _aCiudades habitables y solidarias |
| 520 | _aNº monográfico: ciudades y crisis de civilización. La ciudad, paradigma de la nueva crisis. De la sostenibilidad a los ecobarrios. Barrios y equipamientos públicos. Estilos y modos de vida urbanos. La variedad urbana. Seguridad urbana y miedo... | ||
| 650 | 2 | 7 |
_aCiudad _957920 |
| 650 | 7 |
_aCalidad de la vida _957797 |
|
| 773 | 0 |
_aEn: _tDocumentación social _dMadrid : 2000 _w104759 _gn. 119, abr.-jun., p. 7-339. - Loc. S.172 |
|
| 942 | _cAREV | ||
| 999 |
_c67990 _d67990 |
||